From electrons to power ac and dc: A programmed text (Record no. 1371630)

MARC details
000 -LEADER
fixed length control field 00574nam a2200193Ia 4500
005 - DATE AND TIME OF LATEST TRANSACTION
control field 20250508161712.0
008 - FIXED-LENGTH DATA ELEMENTS--GENERAL INFORMATION
fixed length control field 008 250505s9999 xx 000 0 eng d
037 ## - SOURCE OF ACQUISITION
Stock number Books to be hide in OPAC
040 ## - CATALOGING SOURCE
Original cataloging agency FEDL
Language of cataloging eng
Transcribing agency FEDL
041 ## - LANGUAGE CODE
Language code of text/sound track or separate title eng
Source of code eng
084 ## - COLON CLASSIFICATION NUMBER
Classification number 537, WOO/O
Assigning agency FEDL
100 ## - MAIN ENTRY--PERSONAL NAME
Personal name Woolman Myron
9 (RLIN) 771397
245 #0 - TITLE STATEMENT
Title From electrons to power ac and dc: A programmed text
260 ## - PUBLICATION, DISTRIBUTION, ETC.
Place of publication, distribution, etc. California, USA
Name of publisher, distributor, etc. Glencoe Press
Date of publication, distribution, etc. 1968
300 ## - PHYSICAL DESCRIPTION
Extent 134p.
700 ## - ADDED ENTRY--PERSONAL NAME
Personal name Valentine C Glenn
9 (RLIN) 771398
942 ## - ADDED ENTRY ELEMENTS (KOHA)
Koha item type Books to be hide in OPAC
Classification part 537, WOO/O
Holdings
Withdrawn status Lost status Damaged status Not for loan Home library Current library Date acquired Total Checkouts Full call number Barcode Date last seen Price effective from Koha item type
        Department of Education Library Department of Education Library 2025-05-08   537, WOO/O EL0059648 2025-05-08 2025-05-08 Books to be hide in OPAC
Copyright @ Delhi University Library System